Động vật rừng

Na minha lista:
Detalhes bibliográficos
Autor principal: Phạm Nhật
Formato: Livro
Idioma:Undetermined
Publicado em: H. Nông Nghiệp 1998
Assuntos:
Tags: Adicionar Tag
Sem tags, seja o primeiro a adicionar uma tag!
Thư viện lưu trữ: Trung tâm Học liệu Trường Đại học Cần Thơ
LEADER 00513nam a2200205Ia 4500
001 CTU_58632
008 210402s9999 xx 000 0 und d
020 |b 60000 
082 |a 591.73 
082 |b Nh124 
100 |a Phạm Nhật 
245 0 |a Động vật rừng 
245 0 |c Phạm Nhật 
260 |a H. 
260 |b Nông Nghiệp 
260 |c 1998 
650 |a animals,wildlife 
650 |x management 
904 |i Minh 
980 |a Trung tâm Học liệu Trường Đại học Cần Thơ